| 000 | 00407nam a2200133Ia 4500 | ||
|---|---|---|---|
| 008 | 220204s9999 xx 000 0 und d | ||
| 082 |
_a330.342.112 _bNAB.43 |
||
| 100 | _aDilip Shah | ||
| 245 | 0 | _aSustainable tribal development model case of wadi | |
| 260 |
_aMumbai _bNational Bank for Agriculture & Rural Development _c2005 |
||
| 490 | _aOccasional paper.43 | ||
| 650 | _aTribal development | ||
| 942 | _cBK | ||
| 999 |
_c44211 _d44211 |
||